[Event "4NCL/Div3/GLOSG vs. OXF2"]
[Site "Daventry ENG"]
[Date "2009.10.25"]
[Round "2.5"]
[White "Taylor, Geoffrey P"]
[Black "Hadi, Justin"]
[Result "0-1"]
[WhiteElo "1962"]
[BlackElo "1970"]
[PlyCount "76"]
[EventDate "2009.10.25"]
[SourceDate "2009.10.24"]

1. e4 b6 2. d4 Bb7 3. Bd3 e6 4. Nf3 d6 5. O-O Ne7 6. Re1 g6 7. c3 Bg7 8. Be3
Nd7 9. Nbd2 h6 10. Nf1 a6 11. Ng3 O-O 12. Qd2 Kh7 13. Rac1 Ng8 14. Bb1 f5 15.
exf5 exf5 16. h3 Bxf3 17. gxf3 Qh4 18. f4 Qxh3 19. Bd3 Ndf6 20. Bf1 Qh4 21. Bg2
Rae8 22. Bc6 Re7 23. Kg2 Ne4 24. Qe2 Nxg3 25. fxg3 Qf6 26. Qxa6 h5 27. Bf2 Rff7
28. Rh1 Nh6 29. Bf3 Ng4 30. Qd3 Kg8 31. Bd5 c6 32. Bxf7+ Qxf7 33. Rce1 Qd5+ 34.
Qf3 Re4 35. b3 Qe6 36. Qd3 d5 37. b4 Qe8 38. Qa6 b5 {scoresheets illegible} 0-1

[Event "4NCL/Div3/GLOSG vs. OXF2"]
[Site "Daventry ENG"]
[Date "2009.10.25"]
[Round "2.6"]
[White "Vikanis, Georgs"]
[Black "Dodwell, Phil"]
[Result "0-1"]
[WhiteElo "1930"]
[BlackElo "1978"]
[PlyCount "166"]
[EventDate "2009.10.25"]
[SourceDate "2009.10.24"]

1. Nf3 f5 2. c4 Nf6 3. b4 e6 4. Qa4 Be7 5. Bb2 O-O 6. e3 b6 7. d4 c5 8. bxc5
bxc5 9. Nbd2 cxd4 10. Nxd4 Na6 11. Rd1 Nc5 12. Qc2 Bb7 13. N2b3 Be4 14. Qd2 Na4
15. f3 Bb7 16. Bd3 Nxb2 17. Qxb2 Rb8 18. O-O Qe8 19. Bb1 Qh5 20. Ne2 Rfc8 21.
Nf4 Qh6 22. Qe5 Bf8 23. Nd4 Re8 24. Nb5 g5 25. Ne2 Bg7 26. Qg3 Red8 27. Nd6 Bc6
28. Nd4 Nh5 29. Qh3 Nf6 30. Qxh6 Bxh6 31. Nxc6 dxc6 32. c5 Nd5 33. Rfe1 Nc3 34.
Rc1 Bg7 35. a3 Kf8 36. e4 Bd4+ 37. Kh1 Nxb1 38. Rxb1 Rxb1 39. Rxb1 Bxc5 40. Nc4
Rd7 41. exf5 exf5 42. Ne5 Rd6 43. a4 Bb4 44. g3 c5 45. Nc4 Re6 46. Rd1 Ke7 47.
Kg1 Re1+ 48. Rxe1+ Bxe1 49. Kf1 Bc3 50. Ke2 Ke6 51. Kd3 Bd4 52. h4 gxh4 53.
gxh4 h5 54. Na5 Kd5 55. Nc4 Bf2 56. f4 Bg1 57. Nd2 Bh2 58. Ke3 Bg1+ 59. Ke2 c4
60. Nf3 Bc5 61. Ng5 Bd6 62. Ke3 Bc5+ 63. Ke2 Bb6 64. Nf7 Bd4 65. Ng5 Bf6 66.
Nf3 Kc5 67. Ke3 a5 68. Kd2 Kb4 69. Ne5 Bxh4 70. Nc6+ Kxa4 71. Kc3 Kb5 72. Nd4+
Kc5 73. Nxf5 Bf6+ 74. Kc2 h4 75. Ne3 h3 76. Ng4 Bd4 77. f5 Kb4 78. Nh2 a4 79.
Nf3 Bf6 80. Kb1 c3 81. Ng1 Kb3 82. Ne2 c2+ 83. Kc1 Bg5+ 0-1

[Event "4NCL/Div3/E2E42 vs. HACK"]
[Site "Daventry ENG"]
[Date "2009.10.25"]
[Round "2.1"]
[White "Jones, Christopher M"]
[Black "Reid, John"]
[Result "1-0"]
[WhiteElo "1964"]
[BlackElo "2266"]
[PlyCount "58"]
[EventDate "2009.10.25"]
[SourceDate "2009.10.24"]

1. e4 c5 2. Nc3 e6 3. f4 a6 4. Nf3 b5 5. g3 Bb7 6. d3 d5 7. e5 Ne7 8. Bg2 Nf5
9. Ne2 d4 10. a4 Nd7 11. O-O bxa4 12. c3 Nb6 13. g4 Ne3 14. Bxe3 dxe3 15. Ne1
Ra7 16. Bxb7 Rxb7 17. Rf3 g5 18. Ng3 gxf4 19. Ne4 Be7 20. Rxf4 Qb8 21. Qf3 Qxe5
22. Rxf7 Rd7 23. d4 cxd4 24. Nd3 Qc7 25. cxd4 Rxd4 26. Rc1 Rc4 27. Rxc4 Qxc4
28. Rxe7+ Kxe7 29. Qf6+ Kd7 1-0

[Event "4NCL/Div3/E2E42 vs. HACK"]
[Site "Daventry ENG"]
[Date "2009.10.25"]
[Round "2.2"]
[White "Chin, Francis CW"]
[Black "Foster, James M"]
[Result "1-0"]
[WhiteElo "2223"]
[BlackElo "1876"]
[PlyCount "95"]
[EventDate "2009.10.25"]
[SourceDate "2009.10.24"]

1. d4 d5 2. Nf3 Nf6 3. c4 c6 4. cxd5 cxd5 5. Nc3 Nc6 6. Bf4 Qb6 7. Na4 Qa5+ 8.
Bd2 Qc7 9. g3 Bf5 10. Bg2 e6 11. O-O Bd6 12. Qb3 O-O 13. Rfc1 h6 14. Nc5 Rab8
15. Qa4 Rfc8 16. b4 a6 17. Qb3 Qe7 18. Bc3 Bh7 19. a3 a5 20. e3 b6 21. Na6 Ra8
22. Bf1 Ne4 23. Be1 Qf6 24. Nh4 Ng5 25. f4 Ne4 26. Nf3 g5 27. Qb2 gxf4 28. exf4
axb4 29. axb4 Qg7 30. Bg2 Ne7 31. b5 Nf5 32. Nb4 Bxb4 33. Qxb4 f6 34. Rc6 Qd7
35. Rxa8 Rxa8 36. Rxb6 Rc8 37. Ra6 Nfd6 38. b6 Rb8 39. Nd2 Nxd2 40. Bxd2 Bd3
41. Ra7 Qc6 42. b7 Nb5 43. Ra8 Rxa8 44. bxa8=Q+ Qxa8 45. h3 Qa1+ 46. Kh2 Qxd4
47. Qxd4 Nxd4 48. Bc3 {scoresheets illegible} 1-0

[Event "4NCL/Div3/E2E42 vs. HACK"]
[Site "Daventry ENG"]
[Date "2009.10.25"]
[Round "2.3"]
[White "Mapletoft, Alexander J"]
[Black "Walker, Nicholas P"]
[Result "0-1"]
[WhiteElo "1862"]
[BlackElo "2010"]
[PlyCount "86"]
[EventDate "2009.10.25"]
[SourceDate "2009.10.24"]

1. e4 c5 2. Nf3 Nc6 3. d4 cxd4 4. Nxd4 Nf6 5. Nc3 e5 6. Ndb5 d6 7. Bg5 a6 8.
Na3 b5 9. Nd5 Be7 10. Bxf6 Bxf6 11. c3 O-O 12. Nc2 Bg5 13. a4 Rb8 14. b3 f5 15.
axb5 axb5 16. Bd3 Be6 17. O-O Bxd5 18. exd5 Ne7 19. Be2 Qb6 20. c4 b4 21. Ra4
Qc5 22. Qe1 Nxd5 23. cxd5 Qxc2 24. Bc4 Qc3 25. Qa1 e4 26. Ra6 Bf4 27. g3 Be5
28. Qxc3 bxc3 29. Rc1 Ra8 30. b4 Rxa6 31. Bxa6 Rb8 32. b5 Kf7 33. Kf1 Kf6 34.
Ke2 Bd4 35. f3 Ke5 36. f4+ Kxd5 37. Rc2 Kc5 38. Kd1 Bf6 39. Kc1 d5 40. Kb1 d4
41. Rg2 d3 42. Kc1 e3 43. b6 e2 0-1

[Event "4NCL/Div3/E2E42 vs. HACK"]
[Site "Daventry ENG"]
[Date "2009.10.25"]
[Round "2.4"]
[White "Vives, Pepe"]
[Black "Van Der Westhuizen, Charles V"]
[Result "1-0"]
[WhiteElo "1938"]
[BlackElo "1824"]
[PlyCount "68"]
[EventDate "2009.10.25"]
[SourceDate "2009.10.24"]

1. e4 e5 2. Nf3 Nc6 3. Bb5 f5 4. d3 fxe4 5. dxe4 Nf6 6. Nc3 d6 7. a3 a6 8. Bc4
Bg4 9. Qd3 Bxf3 10. Qxf3 Nd4 11. Qd1 Qd7 12. Be3 c5 13. O-O Be7 14. f4 b5 15.
Ba2 Rb8 16. fxe5 dxe5 17. Nd5 Nxd5 18. Bxd5 Bf6 19. c3 Ne6 20. Qh5+ Kd8 21.
Rad1 Kc7 22. b4 Qe7 23. Qf5 Rbe8 24. g3 c4 25. Qf2 Kb8 26. Bb6 Rhf8 27. Bc6 Bg5
28. Qe2 Rxf1+ 29. Qxf1 Rf8 30. Qe2 Rc8 31. Rd7 Rxc6 32. Rxe7 Bxe7 33. Be3 h6
34. Qh5 Kb7 1-0

[Event "4NCL/Div3/E2E42 vs. HACK"]
[Site "Daventry ENG"]
[Date "2009.10.25"]
[Round "2.5"]
[White "Dean, Michael"]
[Black "Shaw, Dashiell L"]
[Result "0-1"]
[WhiteElo "1730"]
[BlackElo "1910"]
[PlyCount "37"]
[EventDate "2009.10.25"]
[SourceDate "2009.10.24"]

1. e4 c5 2. Nc3 Nc6 3. Bb5 Nd4 4. Nf3 Nxb5 5. Nxb5 d6 6. h3 Nf6 7. Nc3 g6 8.
O-O Bg7 9. d3 O-O 10. Be3 h6 11. Qd2 Kh7 12. Rab1 a6 13. Ne2 b6 14. Ng3 d5 15.
exd5 Nxd5 16. c3 f5 17. Bf4 Nxf4 18. Qxf4 Qxd3 19. Rfd1 {scoresheets illegible}
0-1

[Event "4NCL/Div3/E2E42 vs. HACK"]
[Site "Daventry ENG"]
[Date "2009.10.25"]
[Round "2.6"]
[White "Rigby Zeghlache, Elyes R"]
[Black "Knight, William"]
[Result "1-0"]
[WhiteElo "1770"]
[BlackElo "1434"]
[PlyCount "35"]
[EventDate "2009.10.25"]
[SourceDate "2009.10.24"]

1. e4 c5 2. d3 Nc6 3. g3 d6 4. Bg2 e6 5. c3 Nf6 6. f4 Be7 7. Nf3 Qc7 8. O-O O-O
9. Na3 a5 10. h3 Bd7 11. g4 Kh8 12. f5 e5 13. Nh2 Rfd8 14. g5 Ne8 15. Qh5 f6
16. g6 Kg8 17. Qxh7+ Kf8 18. Qh8# 1-0

[Event "4NCL/Div3/BRI2 vs. KJCAN"]
[Site "Daventry ENG"]
[Date "2009.10.25"]
[Round "2.2"]
[White "Clanchy, Nicholas"]
[Black "Ponter, Ian P"]
[Result "0-1"]
[WhiteElo "1858"]
[BlackElo "2046"]
[PlyCount "58"]
[EventDate "2009.10.25"]
[SourceDate "2009.10.24"]

1. c4 e5 2. Nc3 d6 3. g3 Be6 4. e4 Qd7 5. d3 Nc6 6. Bg2 g6 7. Be3 Bg7 8. Qd2 h5
9. h4 Nh6 10. Nd5 Ng4 11. Bg5 f6 12. f3 fxg5 13. fxg4 gxh4 14. gxh5 O-O-O 15.
Rxh4 gxh5 16. Nh3 Nd4 17. Nf2 Rdf8 18. O-O-O Bxd5 19. Qa5 Be6 20. Qxa7 Kd8 21.
Nh3 Bh6+ 22. Kb1 Bg4 23. Rh1 Ke7 24. Qa3 Ra8 25. Qc3 Qa4 26. a3 Ne2 27. Qe1 Qb3
28. Ka1 Rxa3+ 29. bxa3 Ra8 0-1

[Event "4NCL/Div3/BRI2 vs. KJCAN"]
[Site "Daventry ENG"]
[Date "2009.10.25"]
[Round "2.3"]
[White "Richardt, Mike"]
[Black "Murphy, Conor"]
[Result "0-1"]
[WhiteElo "1963"]
[BlackElo "1794"]
[PlyCount "92"]
[EventDate "2009.10.25"]
[SourceDate "2009.10.24"]

1. d4 d5 2. Nf3 Bf5 3. c4 e6 4. Nc3 c6 5. e3 Nf6 6. Bd3 Bxd3 7. Qxd3 Qb6 8. O-O
Nbd7 9. Nd2 Rd8 10. e4 dxe4 11. Ndxe4 Nxe4 12. Nxe4 Ne5 13. Qc2 Rxd4 14. Be3
Rxc4 15. Qxc4 Nxc4 16. Bxb6 Nxb6 17. Rac1 Nd5 18. Rfd1 Be7 19. Nc3 O-O 20. Nxd5
exd5 21. Kf1 Bf6 22. b3 Re8 23. Re1 Re6 24. Rxe6 fxe6 25. f3 Kf7 26. Ke2 e5 27.
Rc2 Ke6 28. Kd3 Kd6 29. Rc1 c5 30. b4 c4+ 31. Ke2 b5 32. g3 d4 33. Rg1 Kd5 34.
Re1 Bd8 35. Kd2 Bg5+ 36. Kc2 Be3 37. Rf1 a6 38. a3 g6 39. h3 g5 40. g4 h6 41.
Rb1 e4 42. fxe4+ Kxe4 43. Rf1 d3+ 44. Kc3 Bd4+ 45. Kd2 c3+ 46. Kc1 Be3+ 0-1

[Event "4NCL/Div3/BRI2 vs. KJCAN"]
[Site "Daventry ENG"]
[Date "2009.10.25"]
[Round "2.4"]
[White "Kalid, Raphael"]
[Black "Bromilow, Edward T"]
[Result "0-1"]
[WhiteElo "1786"]
[BlackElo "1922"]
[PlyCount "86"]
[EventDate "2009.10.25"]
[SourceDate "2009.10.24"]

1. Nf3 Nf6 2. d4 e6 3. Bg5 h6 4. Bh4 Be7 5. e3 b6 6. Bd3 Bb7 7. Nbd2 d6 8. c3
Nbd7 9. O-O g5 10. Bg3 Nh5 11. a4 a6 12. Rc1 f5 13. Ne1 Ndf6 14. c4 O-O 15. Qe2
Qd7 16. Bc2 Rae8 17. Nd3 Kg7 18. b4 Nxg3 19. fxg3 Ng4 20. h3 Nf6 21. Bb3 Ne4
22. Nxe4 Bxe4 23. Rfd1 Bf6 24. c5 d5 25. Qd2 b5 26. c6 Qd6 27. axb5 axb5 28.
Qe1 Ra8 29. Nc5 Ra3 30. Qf2 Rfa8 31. Rf1 Qe7 32. Qe2 Rxb3 33. Nxb3 Qxb4 34. Nc5
Kf7 35. Qh5+ Ke7 36. Qe2 Ra3 37. Rfe1 Rxe3 38. Na6 Rxe2 39. Nxb4 Rxg2+ 40. Kf1
Rxg3 41. Red1 Rxh3 42. Nc2 Rh1+ 43. Ke2 Rh2+ 0-1

[Event "4NCL/Div3/BRI2 vs. KJCAN"]
[Site "Daventry ENG"]
[Date "2009.10.25"]
[Round "2.5"]
[White "Stewart, Joseph"]
[Black "Davis, Alexei"]
[Result "1/2-1/2"]
[WhiteElo "1994"]
[BlackElo "1730"]
[PlyCount "115"]
[EventDate "2009.10.25"]
[SourceDate "2009.10.24"]

1. e4 e6 2. d4 d5 3. exd5 exd5 4. Nf3 Bd6 5. Bg5 Nf6 6. Bd3 Bg4 7. h3 Be6 8.
Nbd2 O-O 9. c3 Re8 10. O-O c6 11. Ne5 Nbd7 12. f4 Nb6 13. Qc2 h6 14. Bh4 c5 15.
Bb5 Rf8 16. dxc5 Bxc5+ 17. Kh1 Rc8 18. f5 Bd7 19. Bxd7 Nbxd7 20. Nxd7 Qxd7 21.
Bxf6 gxf6 22. Qd3 Kh7 23. Rad1 Rcd8 24. Rf4 Rg8 25. Nb3 Bb6 26. c4 Qc7 27. Qf1
Qc6 28. cxd5 Rxd5 29. Rxd5 Qxd5 30. Qf3 Qd7 31. Re4 Bc7 32. Rd4 Qe7 33. Qe4 Re8
34. Qxe7 Rxe7 35. g4 Kg7 36. Rd2 Re3 37. Rd7 Rxh3+ 38. Kg2 Rh2+ 39. Kf3 Bb6 40.
Rd2 Rh3+ 41. Kg2 Re3 42. Nc1 Re4 43. Kf3 Re3+ 44. Kg2 Re7 45. Ne2 Be3 46. Rc2
Bg5 47. Ng3 Kf8 48. Rc8+ Re8 49. Rxe8+ Kxe8 50. Kf3 Kd7 51. Ke4 Kc6 52. Ne2 a6
53. Nc3 Bc1 54. b3 Bb2 55. Nd5 Kd6 56. b4 Be5 57. a4 b5 58. axb5 1/2-1/2

[Event "4NCL/Div3/BRI2 vs. KJCAN"]
[Site "Daventry ENG"]
[Date "2009.10.25"]
[Round "2.6"]
[White "Paul, Barnaby J"]
[Black "May, Michael"]
[Result "1-0"]
[WhiteElo "1610"]
[BlackElo "1898"]
[PlyCount "85"]
[EventDate "2009.10.25"]
[SourceDate "2009.10.24"]

1. c4 c5 2. Nc3 Nf6 3. g3 g6 4. Bg2 Bg7 5. e3 d6 6. Nge2 Nc6 7. O-O O-O 8. d4
cxd4 9. exd4 Rb8 10. Bf4 Nh5 11. Be3 a6 12. Qd2 f5 13. d5 Ne5 14. b3 Bd7 15.
Ba7 Rc8 16. Bd4 b6 17. f4 Nf7 18. Bxg7 Nxg7 19. Rfe1 Qc7 20. Rac1 Rce8 21. Nd4
e5 22. dxe6 Nxe6 23. Nd5 Qd8 24. Qc3 Nh6 25. Nb4 Qc8 26. Bd5 a5 27. Nbc2 Ng4
28. Nxe6 Bxe6 29. Rxe6 Rxe6 30. Nd4 Rfe8 31. Qe1 Kg7 32. Nxe6+ Kh6 33. h3 Nf6
34. g4 fxg4 35. Qh4+ Nh5 36. hxg4 Rxe6 37. Bxe6 Qxe6 38. Re1 Qc8 39. gxh5 Qc5+
40. Qf2 Qf5 41. hxg6 Kxg6 42. Qg3+ Kf7 43. Qg5 1-0

[Event "4NCL/Div3/NOTT1 vs. BRI3"]
[Site "Daventry ENG"]
[Date "2009.10.25"]
[Round "2.1"]
[White "Richmond, Robert J"]
[Black "Dunlop, Neil J"]
[Result "1-0"]
[WhiteElo "2200"]
[BlackElo "1802"]
[PlyCount "43"]
[EventDate "2009.10.25"]
[SourceDate "2009.10.24"]

1. d4 Nf6 2. c4 g6 3. Nc3 Bg7 4. e4 d6 5. f3 O-O 6. Be3 Nbd7 7. Qd2 e5 8. d5 a5
9. Bd3 Nc5 10. Bc2 Bd7 11. Nge2 Qe8 12. g4 Kh8 13. Ng3 b5 14. cxb5 Bxb5 15. h4
Qd7 16. h5 Ng8 17. g5 Rfb8 18. hxg6 fxg6 19. Qh2 h5 20. Nxh5 gxh5 21. Qxh5+ Nh6
22. gxh6 1-0

[Event "4NCL/Div3/NOTT1 vs. BRI3"]
[Site "Daventry ENG"]
[Date "2009.10.25"]
[Round "2.2"]
[White "Woolgar, Steven G"]
[Black "Walker, Andrew N"]
[Result "1/2-1/2"]
[WhiteElo "1698"]
[BlackElo "2087"]
[PlyCount "50"]
[EventDate "2009.10.25"]
[SourceDate "2009.10.24"]

1. c4 f5 2. Nc3 Nf6 3. Nf3 e6 4. g3 Be7 5. Bg2 O-O 6. d4 d6 7. O-O Qe8 8. e3
Nc6 9. b3 a5 10. Bb2 Qh5 11. Ne2 Ne4 12. Nf4 Qh6 13. d5 Nd8 14. dxe6 Nxe6 15.
Nxe6 Bxe6 16. Qc2 Bd7 17. Nd4 Qg6 18. Rad1 Rae8 19. Ne2 Bf6 20. Nf4 Qf7 21.
Bxf6 Qxf6 22. Nd5 Qd8 23. Nc3 Bc6 24. Nxe4 Bxe4 25. Bxe4 Rxe4 1/2-1/2

[Event "4NCL/Div3/NOTT1 vs. BRI3"]
[Site "Daventry ENG"]
[Date "2009.10.25"]
[Round "2.3"]
[White "Levens, David G"]
[Black "Stanton, Colin"]
[Result "1-0"]
[WhiteElo "1986"]
[BlackElo "1746"]
[PlyCount "51"]
[EventDate "2009.10.25"]
[SourceDate "2009.10.24"]

1. e4 c5 2. Nf3 d6 3. d4 cxd4 4. Nxd4 Nf6 5. Nc3 g6 6. f4 Bg7 7. e5 dxe5 8.
fxe5 Ng4 9. Bb5+ Kf8 10. Ne6+ fxe6 11. Qxd8+ Kf7 12. O-O+ Nf6 13. Qc7 a6 14.
exf6 Bxf6 15. Bh6 g5 16. Bd3 Nd7 17. Bxg5 Ke8 18. Bxf6 exf6 19. Rae1 e5 20.
Rxf6 Rg8 21. Nd5 Rg5 22. Re6+ Kf7 23. Re7+ Kg8 24. Qd8+ Nf8 25. Nf6+ Kh8 26.
Rxh7# 1-0

[Event "4NCL/Div3/NOTT1 vs. BRI3"]
[Site "Daventry ENG"]
[Date "2009.10.25"]
[Round "2.4"]
[White "Woodruff, David G"]
[Black "Truman, Richard G"]
[Result "0-1"]
[WhiteElo "1666"]
[BlackElo "2015"]
[PlyCount "96"]
[EventDate "2009.10.25"]
[SourceDate "2009.10.24"]

1. c4 e5 2. Nc3 Nf6 3. g3 d5 4. cxd5 Nxd5 5. Bg2 Be6 6. Qb3 Nb4 7. Qa4+ c6 8.
Nf3 Nd7 9. a3 Nd5 10. O-O Be7 11. b4 O-O 12. Bb2 a5 13. bxa5 Rxa5 14. Qc2 f5
15. Rfb1 Bf6 16. d3 Qe7 17. Nd2 N7b6 18. Nxd5 Bxd5 19. Nb3 Raa8 20. Bc1 Na4 21.
Bd2 Qf7 22. Bb4 Rfd8 23. Bxd5 Qxd5 24. Nc5 Nxc5 25. Qxc5 Rac8 26. Rc1 e4 27.
Rab1 exd3 28. e3 Qe6 29. Rd1 Rd5 30. Qc4 Qe4 31. Rbc1 Qxc4 32. Rxc4 b5 33. Rc5
Rxc5 34. Bxc5 Rd8 35. Bb4 Rd5 36. Kf1 c5 37. Bd2 c4 38. Rb1 c3 39. Ke1 cxd2+
40. Kxd2 Bd8 41. Rb3 Ba5+ 42. Kd1 d2 43. f3 Rc5 44. Ke2 Rc3 45. Rxb5 Rxe3+ 46.
Kxe3 d1=Q 47. Kf4 Qd6+ 48. Kg5 Bd8+ 0-1

[Event "4NCL/Div3/NOTT1 vs. BRI3"]
[Site "Daventry ENG"]
[Date "2009.10.25"]
[Round "2.5"]
[White "Flynn, David"]
[Black "Stanton, Kells"]
[Result "1-0"]
[WhiteElo "2054"]
[BlackElo "1682"]
[PlyCount "97"]
[EventDate "2009.10.25"]
[SourceDate "2009.10.24"]

1. e4 c5 2. c3 d5 3. exd5 Qxd5 4. d4 cxd4 5. cxd4 e5 6. Nf3 Nc6 7. Nc3 Bb4 8.
Bd2 Bxc3 9. Bxc3 Bg4 10. dxe5 Rd8 11. Qxd5 Rxd5 12. Be2 Nge7 13. O-O O-O 14. h3
Bh5 15. Rfe1 Re8 16. Rad1 Rxd1 17. Rxd1 Bxf3 18. Bxf3 Ng6 19. Bxc6 bxc6 20. g3
h6 21. f4 Ne7 22. Rd7 Nd5 23. Rxa7 Nxc3 24. bxc3 Rd8 25. Kf2 c5 26. Rc7 Rd2+
27. Ke3 Rxa2 28. Rxc5 Rh2 29. Rc8+ Kh7 30. h4 Rc2 31. Ke4 Rg2 32. Kf3 Rc2 33.
f5 Rc1 34. e6 fxe6 35. fxe6 Re1 36. Rc6 Kg6 37. e7+ Kf7 38. Rc7 Ke8 39. c4 g6
40. Kf4 Re2 41. c5 Re6 42. h5 gxh5 43. c6 Rg6 44. Kf5 Rd6 45. Ke5 Rg6 46. Kd5
Rxg3 47. Rb7 Rg5+ 48. Kc4 Rg6 49. c7 1-0

[Event "4NCL/Div3/NOTT1 vs. BRI3"]
[Site "Daventry ENG"]
[Date "2009.10.25"]
[Round "2.6"]
[White "Pope, Paul"]
[Black "Burke, Steven J"]
[Result "0-1"]
[WhiteElo "1458"]
[BlackElo "1954"]
[PlyCount "114"]
[EventDate "2009.10.25"]
[SourceDate "2009.10.24"]

1. e4 Nf6 2. Nc3 d5 3. e5 Ne4 4. d4 Nxc3 5. bxc3 Be6 6. Nf3 h6 7. Bd3 g6 8. Qe2
Bg7 9. Bb2 O-O 10. c4 Nc6 11. cxd5 Bxd5 12. c4 Bxf3 13. Qxf3 Nxd4 14. Qe4 Ne6
15. Rd1 Nc5 16. Qe3 Nxd3+ 17. Rxd3 Qc8 18. O-O Qe6 19. Qc5 c6 20. Re1 b6 21.
Qb4 Rfd8 22. Qd2 Rxd3 23. Qxd3 Kf8 24. Qe4 Rd8 25. h3 Rd2 26. Re2 Rxe2 27. Qxe2
Ke8 28. f4 f6 29. Kh2 fxe5 30. fxe5 Kd8 31. Qe4 Kc7 32. a4 a6 33. Bc3 b5 34.
axb5 axb5 35. cxb5 cxb5 36. Ba5+ Kb8 37. Bc3 Kc7 38. Ba5+ Kb8 39. Bc3 Qb6 40.
Bb4 Qc7 41. Kg1 Bxe5 42. Qxg6 Qc1+ 43. Kf2 Qf4+ 44. Ke2 Qxb4 45. Qb6+ Ka8 46.
Qa6+ Kb8 47. Qb6+ Kc8 48. Qc6+ Bc7 49. Qa8+ Kd7 50. Qd5+ Bd6 51. Qf5+ Kc7 52.
Qc2+ Qc4+ 53. Qxc4+ bxc4 54. Kd2 Be5 55. g4 Kd6 56. h4 Bf6 57. h5 Kd5 0-1

[Event "4NCL/Div3/SBS vs. HAL"]
[Site "Daventry ENG"]
[Date "2009.10.25"]
[Round "2.1"]
[White "Edgell, Ben P"]
[Black "Pugh, Glyn D"]
[Result "1/2-1/2"]
[WhiteElo "2100"]
[BlackElo "1978"]
[PlyCount "61"]
[EventDate "2009.10.25"]
[SourceDate "2009.10.24"]

1. d4 Nf6 2. Nf3 g6 3. g3 Bg7 4. Bg2 O-O 5. O-O d6 6. c4 Nbd7 7. Nc3 e5 8. e4
Re8 9. Re1 a6 10. d5 Nf8 11. b4 h6 12. c5 a5 13. Ba3 axb4 14. Bxb4 dxc5 15.
Bxc5 N8d7 16. Bb4 c5 17. dxc6 bxc6 18. a4 Ng4 19. Qc2 Qb6 20. Reb1 Qa7 21. h3
Ngf6 22. Nd2 Ba6 23. Bf1 Bxf1 24. Nxf1 Qd4 25. Ba3 Reb8 26. Ne3 Rxb1+ 27. Rxb1
Bf8 28. Rd1 Qa7 29. Bxf8 Kxf8 30. Qd2 Qc5 31. Kg2 1/2-1/2

[Event "4NCL/Div3/SBS vs. HAL"]
[Site "Daventry ENG"]
[Date "2009.10.25"]
[Round "2.2"]
[White "Hope, Gary"]
[Black "Makepeace, Philip J"]
[Result "1/2-1/2"]
[WhiteElo "1938"]
[BlackElo "2042"]
[PlyCount "62"]
[EventDate "2009.10.25"]
[SourceDate "2009.10.24"]

1. e4 c6 2. d4 d5 3. exd5 cxd5 4. c4 Nf6 5. Nc3 e6 6. Nf3 Bb4 7. cxd5 Nxd5 8.
Qc2 Nc6 9. Bd3 Be7 10. a3 h6 11. O-O Bf6 12. Be3 Nxe3 13. fxe3 O-O 14. Ne4 Be7
15. Qe2 f5 16. Ng3 b6 17. Bc4 Kh8 18. Nh5 Qe8 19. Nf4 Bf6 20. Bb5 Bd7 21. Rac1
Ne5 22. Nxe5 Bxb5 23. Neg6+ Kg8 24. Qf3 Rf7 25. Rf2 Rc8 26. Rfc2 Rxc2 27. Rxc2
Rd7 28. h4 Ba4 29. Rc3 Bb5 30. h5 Kf7 31. Qg3 Kg8 1/2-1/2

[Event "4NCL/Div3/SBS vs. HAL"]
[Site "Daventry ENG"]
[Date "2009.10.25"]
[Round "2.3"]
[White "Russell, Christopher"]
[Black "Doran, Michael J"]
[Result "1-0"]
[WhiteElo "2065"]
[BlackElo "1884"]
[PlyCount "69"]
[EventDate "2009.10.25"]
[SourceDate "2009.10.24"]

1. e4 e6 2. d4 d5 3. Nc3 Bb4 4. Nge2 Nf6 5. Bg5 h6 6. Bxf6 Qxf6 7. a3 Bxc3+ 8.
Nxc3 c6 9. Qd2 O-O 10. O-O-O b6 11. h4 Ba6 12. g4 Bxf1 13. Rdxf1 c5 14. exd5
Qxd4 15. Qxd4 cxd4 16. Nb5 a6 17. Nxd4 Rd8 18. Nc6 Nxc6 19. dxc6 Rdc8 20. Rd1
Rxc6 21. f3 Rac8 22. Rh2 Kf8 23. Rd4 Ke7 24. Rhd2 R8c7 25. Kd1 Rc4 26. Rd6 R4c6
27. Rxc6 Rxc6 28. h5 Rd6 29. c4 e5 30. Rxd6 Kxd6 31. Kd2 Kc5 32. Kc3 a5 33. b4+
Kc6 34. Kd3 a4 35. Ke4 1-0

[Event "4NCL/Div3/SBS vs. HAL"]
[Site "Daventry ENG"]
[Date "2009.10.25"]
[Round "2.4"]
[White "Lee, Darren"]
[Black "Vaughan, David O"]
[Result "1/2-1/2"]
[WhiteElo "1890"]
[BlackElo "2040"]
[PlyCount "51"]
[EventDate "2009.10.25"]
[SourceDate "2009.10.24"]

1. d4 Nf6 2. c4 g6 3. Nc3 d6 4. e4 Bg7 5. Nf3 O-O 6. Be2 e5 7. O-O Nc6 8. d5
Nb8 9. b4 a5 10. Ba3 axb4 11. Bxb4 Na6 12. Ba3 Nh5 13. Nd2 Nf4 14. Bf3 Qg5 15.
Nb3 Bh3 16. g3 Bxf1 17. Kxf1 Nh5 18. h4 Qe7 19. Bxh5 gxh5 20. Qxh5 Nc5 21. Bxc5
dxc5 22. d6 Qxd6 23. Rd1 Qe6 24. Qe2 c6 25. Nxc5 Qh3+ 26. Kg1 1/2-1/2

[Event "4NCL/Div3/SBS vs. HAL"]
[Site "Daventry ENG"]
[Date "2009.10.25"]
[Round "2.5"]
[White "Harley-Yeo, Gareth"]
[Black "Asbury, Jon A"]
[Result "1-0"]
[WhiteElo "2059"]
[BlackElo "1786"]
[PlyCount "45"]
[EventDate "2009.10.25"]
[SourceDate "2009.10.24"]

1. d4 Nf6 2. c4 g6 3. Nc3 d5 4. cxd5 Nxd5 5. Bd2 Bg7 6. e4 Nxc3 7. Bxc3 c5 8.
d5 Bxc3+ 9. bxc3 Qa5 10. Qc2 b6 11. Nf3 Ba6 12. Bxa6 Qxa6 13. c4 Nd7 14. O-O
O-O 15. a4 Qb7 16. e5 Qc7 17. Rae1 Rad8 18. Qd2 Nb8 19. Qh6 f6 20. e6 Kh8 21.
Nh4 Rg8 22. f4 Na6 23. Re3 1-0

[Event "4NCL/Div3/SBS vs. HAL"]
[Site "Daventry ENG"]
[Date "2009.10.25"]
[Round "2.6"]
[White "Llewelyn, John D"]
[Black "Davies, Matthew"]
[Result "1-0"]
[WhiteElo "1674"]
[BlackElo "1956"]
[PlyCount "59"]
[EventDate "2009.10.25"]
[SourceDate "2009.10.24"]

1. e4 e6 2. d3 d5 3. Nd2 Nf6 4. g3 c5 5. Bg2 Nc6 6. Ngf3 Be7 7. O-O O-O 8. Re1
Qc7 9. c3 Rd8 10. e5 Nd7 11. Qe2 b5 12. Nf1 a5 13. Bf4 a4 14. a3 Ba6 15. h4
Rab8 16. Bh3 Na5 17. Ng5 Bxg5 18. Bxg5 Rdc8 19. Bf4 Nb3 20. Rab1 b4 21. Ne3 Rb7
22. Nxd5 Qd8 23. Bg5 Nf6 24. exf6 Qxd5 25. Bg2 Qf5 26. g4 Qxd3 27. Qxd3 Bxd3
28. Bxb7 Rb8 29. Rbd1 Bc2 30. Rd7 1-0

[Event "4NCL/Div3/RHYE vs. OXF3"]
[Site "Daventry ENG"]
[Date "2009.10.25"]
[Round "2.1"]
[White "Spice, Alan P"]
[Black "Rawlinson, Christopher JA"]
[Result "1/2-1/2"]
[WhiteElo "2169"]
[BlackElo "2048"]
[PlyCount "67"]
[EventDate "2009.10.25"]
[SourceDate "2009.10.24"]

1. Nc3 e6 2. e4 d5 3. d4 Nf6 4. e5 Nfd7 5. f4 c5 6. Nf3 Nc6 7. Be3 Qb6 8. Na4
Qa5+ 9. c3 cxd4 10. b4 Qd8 11. Nxd4 Nb6 12. Nxb6 Qxb6 13. Bd3 a6 14. Qe2 Qc7
15. O-O Bd7 16. a3 Be7 17. Qg4 O-O 18. Rf3 Nxd4 19. Bxd4 g6 20. Rg3 Bb5 21. Bc2
Kh8 22. Re1 Rg8 23. a4 Bd7 24. Bb3 Raf8 25. a5 f5 26. Qd1 Bh4 27. Rh3 Bxe1 28.
Qxe1 Bb5 29. Bf2 Rc8 30. Bh4 Rge8 31. Bf6+ Kg8 32. Bd1 Qc4 33. Rxh7 Qxc3 34.
Rh8+ 1/2-1/2

[Event "4NCL/Div3/RHYE vs. OXF3"]
[Site "Daventry ENG"]
[Date "2009.10.25"]
[Round "2.2"]
[White "Ludbrook, Matthew"]
[Black "Morris, Gareth L"]
[Result "0-1"]
[WhiteElo "2011"]
[BlackElo "2147"]
[PlyCount "56"]
[EventDate "2009.10.25"]
[SourceDate "2009.10.24"]

1. e4 c5 2. Nc3 Nc6 3. g3 g6 4. Bg2 Bg7 5. d3 d6 6. Be3 Rb8 7. Qd2 b5 8. h3 b4
9. Nd1 Qb6 10. f4 f5 11. Ne2 Nf6 12. O-O O-O 13. Kh2 Kh8 14. c3 bxc3 15. bxc3
Ba6 16. Re1 fxe4 17. dxe4 Na5 18. Bg1 Nc4 19. Qc1 e5 20. g4 exf4 21. Nxf4 Nxg4+
22. Kh1 Bh6 23. hxg4 Bxf4 24. Qc2 Qd8 25. Bf2 Qg5 26. Bh3 Ne5 27. Be3 Qh4 28.
Nf2 Bxe3 0-1